Fruit & vegetable : juice therapy
| Main Author: | |
|---|---|
| Format: | Book |
| Published: |
India :
Health Harmony ,
2013
|
| Subjects: |
MARC
| LEADER | 00000cam a2200000 7i4500 | ||
|---|---|---|---|
| 001 | 0000040445 | ||
| 005 | 20140417.0 | ||
| 008 | 140417 | ||
| 020 | |a 8131906040 | ||
| 090 | 0 | 0 | |a 615.854 |b SAH |
| 100 | 1 | |a Saha, N.N | |
| 245 | 1 | 0 | |a Fruit & vegetable : |b juice therapy |c by N.N. Saha |
| 260 | |a India : |b Health Harmony , |c 2013 | ||
| 650 | 0 | |a Medicin |x General | |
| 999 | |a 0001282156 |b Book |c Adult Collection |e Cawangan Pontian | ||
| 999 | |a 0001282157 |b Book |c Adult Collection |e Cawangan Tmn. Ungku Tun Aminah | ||
| 999 | |a 0001291827 |b Book |c Adult Collection |e Perbadanan Perpustakaan Awam Johor | ||